| 000 | 01246nam a2200277 a 4500 | ||
|---|---|---|---|
| 001 | BRCA_4839 | ||
| 005 | 20190320204827.0 | ||
| 008 | 201010s1813----mx-#######---#000-0#spa-# | ||
| 041 | _aspa | ||
| 044 | _amx | ||
| 084 |
_aDOC1 _b.I88 _c1813 |
||
| 100 | 1 |
_aIturbide, Agustín de _d1783-1824 _912248 |
|
| 245 | 1 | 0 |
_aDocumento firmado por Don Agustín de Iturbide. _cAgustín de Iturbide ; Pérez Gálvez. |
| 260 |
_aSilao, Gto. México _c1813 |
||
| 300 |
_a[1] foja _c21 x 5 cm. |
||
| 500 | _aDocumento firmado el 1 de junio de 1813. | ||
| 500 | _aDocumento firmado por Don Agustín de Iturbide en Silao (Guanajuato), dirigido al Coronel Conde de Pérez Gálvez, en el que por orden del Virrey se dan disposiciones sobre el manejo de las proas y como deben mandarse las remesas de cargas. | ||
| 500 | _aEl documento contiene la leyenda DOC. #10. | ||
| 506 | 0 | _aFondo Reservado. Para su consulta es necesario credencial de usuario y carta de motivos. | |
| 546 | _aTexto en: español de principios del siglo XIX. | ||
| 600 | 1 | 4 |
_aIturbide, Agustín de _d1783-1824 _xHistoria _912249 |
| 651 | 4 |
_aMéxico _xHistoria _yGuerra de Independencia, 1810-1821 _912250 |
|
| 700 | 1 |
_aGálvez, Pérez _cConde de _912251 |
|
| 902 | _aFDH | ||
| 942 |
_2lcc _cD |
||
| 999 |
_c4533 _d4533 |
||